Significato LGBTQIA+ - Statistics

Statistiche generali
  • Questo quiz è stato fatto 93 volte
  • Il punteggio medio è 6 su 7
Statistiche sulle risposte
Acronimo Significato % Corretto
G Gay
100%
L Lesbiche
99%
T Transgender
96%
B Bisessuali
95%
Q Queer
85%
A Asessuali
66%
I Intersessuali
38%
Nessun quiz corrispondente trovato
Distribuzione punteggi
Percentuale di utenti per punteggio
Percentile per numero di risposta
I tuoi punteggi nel tempo
Non hai fatto questo quiz